| 000 | 00802nam a2200265 i 4500 | ||
|---|---|---|---|
| 001 | 000049184 | ||
| 003 | DO-SdBNP | ||
| 005 | 20240830175611.0 | ||
| 007 | ta | ||
| 008 | 190725s1986 dr r 000 0 spa d | ||
| 040 |
_aDO-SdBNP _bspa _cBNPHU _erda |
||
| 082 | 4 |
_a345.7293 _bD922c _222 |
|
| 100 | 1 |
_aDunlop, Víctor Máximo Charles _986486 |
|
| 245 | 1 | 0 |
_aCurso de derecho penal especial / _cVíctor Máximo Charles Dunlop |
| 260 | _c1986. | ||
| 264 |
_aSanto Domingo : _bLibrería Dominicana, _c1986. |
||
| 300 |
_a526 paginas. ; _c21 cm. |
||
| 336 |
_2rdacontent _atexto _btxt |
||
| 337 |
_2rdamedia _asin mediación _bn |
||
| 338 |
_2rdacarrier _avolumen _bnc |
||
| 590 | _aInventariado, 2023 / DG | ||
| 650 | 0 |
_aDerecho penal _zRepública Dominicana _917405 |
|
| 910 | _aDG | ||
| 942 |
_2ddc _cLBS1 |
||
| 999 |
_c53636 _d53636 |
||